UBT Library

PUMP HANDBOOK (Record no. 59489)

000 -LEADER
fixed length control field 00308nam a22001457a 4500
008 - FIXED-LENGTH DATA ELEMENTS--GENERAL INFORMATION
fixed length control field 230403b ||||| |||| 00| 0 eng d
020 ## - INTERNATIONAL STANDARD BOOK NUMBER
International Standard Book Number 0070333017
041 ## - LANGUAGE CODE
Language code of text/sound track or separate title eng
080 ## - UNIVERSAL DECIMAL CLASSIFICATION NUMBER
Universal Decimal Classification number 721
082 ## - DEWEY DECIMAL CLASSIFICATION NUMBER
Classification number 721KAR
100 ## - Rafti
Rafti 20
101 ## - Shkurtesa
Shkurtesa NDERTI
245 ## - TITLE STATEMENT
Title PUMP HANDBOOK
Statement of responsibility, etc KARASSIK.J.I
942 ## - ADDED ENTRY ELEMENTS (KOHA)
Source of classification or shelving scheme
Item type Books
Holdings
Withdrawn status Lost status Source of classification or shelving scheme Damaged status Not for loan Collection code Permanent location Current location Date acquired Total Checkouts Full call number Barcode Date last seen Price effective from Koha item type
          Koleksioni i përgjithshem UBT - Lipjan UBT - Lipjan 04/03/2023   721KAR 002-80004040 04/03/2023 04/03/2023 Books
UBT Library © 2015-2024. All rights reserved University Education for Business and Technology